000 00632nam a2200205 i 4500
001 bgj
100 1 _aTETERIS, Sylvia
245 1 0 _aGoldilocks and the tree bears /
_cSylvia Teteris ; illustrated by Joanna Sedlaczek.
260 _aWarszawa :
_bWydawnictwa Szkolne i Pedagogiczne,
_c1995
_e(Poznań :
_fZakłady Graficzne).
300 _a24 pp :
_bill. ;
_c20 cm.
490 1 _aPlays for Children
650 9 _aPlays for children
830 _aPlays for Children
020 _a8302057495 (pbk)
040 _cBPK
041 0 _aeng
920 _a83-02-05749-5 (pbk)
942 _cKS
008 s uk f |000 0 eng
999 _c48295
_d48295
856 _uhttp://koha.tu.koszalin.pl/cgi-bin/koha/opac-detail.pl?biblionumber=48295
_yKatalog online BPK